Independencia judicial y estado constitucional: el estatuto de los jueces
Zapisane w:
| Główni autorzy: | , |
|---|---|
| Format: | Książka |
| Język: | hiszpański |
| Wydane: |
Valencia
Tirant Lo Blanch
2016
|
| Wydanie: | 1a. ed |
| Seria: | Monografías, 1026
|
| Hasła przedmiotowe: | |
| Etykiety: |
Dodaj etykietę
Nie ma etykietki, Dołącz pierwszą etykiete!
|
MARC
| LEADER | 00000cam a2200000 a 4500 | ||
|---|---|---|---|
| 001 | UCC9059 | ||
| 003 | CL-VaPUC | ||
| 008 | 190904e20160000sp |||||||||||||||||spa|d | ||
| 020 | |a 9788490867778 | ||
| 082 | 0 | 4 | |a 347.014 |b GON |2 21 |
| 100 | 0 | |a González Pascual, Maribel |e author |9 603854 | |
| 700 | 0 | |a Solanes Mullor, Joan |e author |9 603855 | |
| 245 | 1 | 0 | |a Independencia judicial y estado constitucional: el estatuto de los jueces |
| 250 | |a 1a. ed | ||
| 300 | |a 260 p | ||
| 942 | |c BK | ||
| 945 | |d 20190904 15:40:00 |a dcastane | ||
| 260 | |a Valencia |b Tirant Lo Blanch |c 2016 | ||
| 650 | 0 | |a Jueces |9 256162 | |
| 650 | 0 | |a Procedimiento civil |9 254870 | |
| 583 | |a last modification |c 20190904 15:40:00 |k Rodrigo Vera | ||
| 490 | 0 | |a Monografías, 1026 | |
| 999 | |c 375253 |d 375251 | ||
| 952 | |0 0 |1 0 |3 erb |4 0 |6 347_014000000000000_GON_2016 |7 0 |8 WP_COW |9 561198 |a BIBDER |b BIBDER |e Fundación W and P Cowley |i 5597633 |l 2 |m 3 |o 347.014 GON 2016 |p 5597633 |r 2024-10-21 |s 2024-10-03 |w 2020-03-12 |y BK |z Catalogado en:20190904 |k WPC | ||